Statistics for Christmas Carol Lyrics

Click here to take the quiz!

General Stats

  • This quiz has been taken 10,083 times
  • The average score is 27 of 42

Answer Stats

SongLyric% Correct
Silent NightSilent night, {holy} night,
95%
Hark! the Herald Angels SingGlory to the {newborn} king!
93%
Away in a MangerAway in a {manger},
90%
O Come, All Ye FaithfulO come, all ye {faithful},
90%
Silent NightSleep in {heavenly} peace.
89%
Hark! the Herald Angels Sing"Christ is {born} in Bethlehem"
88%
Hark! the Herald Angels SingHark! the {herald} angels sing,
86%
Away in a MangerThe little lord Jesus lay down his sweet {head}.
86%
Away in a MangerThe little lord Jesus asleep on the {hay}.
83%
Silent NightAll is {calm}, all is bright.
82%
God Rest ye, Merry GentlemenFor Jesus Christ our {Savior} was born upon this day,
82%
O Come, All Ye Faithful{Joyful} and triumphant,
81%
O Come, All Ye FaithfulO come ye, o come ye to {Bethlehem}.
81%
Silent NightRound yon {Virgin}, mother and child,
81%
O Come, All Ye FaithfulO come let us {adore} him...
80%
O Come, All Ye FaithfulCome and behold him, born the {king} of angels,
78%
God Rest ye, Merry GentlemenGod rest ye {merry} gentlemen,
78%
Silent NightHoly {infant} so tender and mild.
76%
Away in a MangerNo {crib} for a bed,
75%
Hark! the Herald Angels SingPeace on earth and {mercy} mild,
72%
God Rest ye, Merry GentlemenTo save us all from {Satan}'s power
68%
Hark! the Herald Angels SingGod and {sinners} reconciled.
64%
Angels We Have Heard on HighAngels we have heard on {high},
63%
Hark! the Herald Angels SingJoin the triumph of the {skies},
63%
God Rest ye, Merry GentlemenOh, {tidings} of comfort and joy!
62%
Good King WenceslasGood king {Wenceslas} looked out
58%
God Rest ye, Merry GentlemenLet nothing you {dismay},
58%
Hark! the Herald Angels SingJoyful all ye {nations} rise,
57%
God Rest ye, Merry GentlemenWhen we were gone {astray},
57%
Good King WenceslasOn the feast of {Stephen},
54%
Away in a MangerThe stars in the sky {looked} {down} where he lay,
54%
Hark! the Herald Angels SingWith {angelic} host proclaim:
50%
Good King WenceslasBrightly shone the {moon} that night,
49%
Good King WenceslasDeep and crisp and {even}.
49%
Good King WenceslasWhen the {snow} lay round about
47%
Angels We Have Heard on HighGloria in {Excelsis} Deo
42%
Good King WenceslasGathering winter {fuel}.
37%
Angels We Have Heard on HighSweetly singing o'er the {plain},
34%
Angels We Have Heard on HighEchoing their {joyous} strains.
31%
Good King WenceslasThough the {frost} was cruel.
30%
Angels We Have Heard on HighAnd the {mountains} in reply
28%
Good King WenceslasWhen a {poor} {man} came in sight,
27%

Score Distribution

Percentile by Number Answered

Percent of People with Each Score

Your Score History

You have not taken this quiz